Filogenetika koncepció /
Flogenetikai fa értelmezése, kladisztika logikai alapja
Elmentve itt :
| Szerzők: | |
|---|---|
| További közreműködők: | |
| Dokumentumtípus: | Vegyes gyűjtemény |
| Megjelent: |
2019-12-31
|
| Kulcsszavak: | filogenetika |
| Tárgyszavak: | |
| Online Access: | http://eta.bibl.u-szeged.hu/2656 |
| LEADER | 01075npc a2200253 i 4500 | ||
|---|---|---|---|
| 001 | eta2656 | ||
| 005 | 20220309153915.0 | ||
| 008 | 200519s2019 hu o 0|| hun d | ||
| 040 | |a SZTE Elektronikus Tananyag Archívum |b hun | ||
| 041 | |a hun | ||
| 100 | 1 | |a Pénzes Zsolt | |
| 245 | 1 | 0 | |a Filogenetika |h [elektronikus dokumentum] : |b koncepció / |c Pénzes Zsolt |
| 246 | 1 | 0 | |a Phylogenetics : cocept |h [elektronikus dokumentum] |
| 260 | |c 2019-12-31 | ||
| 520 | 3 | |a Flogenetikai fa értelmezése, kladisztika logikai alapja | |
| 520 | 3 | |a Interpretation of the phylogenetic tree, logic of cladistics | |
| 650 | 4 | |a Természettudományok | |
| 650 | 4 | |a Biológiai tudományok | |
| 650 | 4 | |a Biológia (elméleti, matematikai, hőbiológia, kriobiológia, biológiai ritmus), evolúciós biológia | |
| 650 | 4 | |a Rendszerek fejlődése, biológiai adaptáció, filogenetika, rendszertan, összehasonlító biológia | |
| 695 | |a filogenetika | ||
| 700 | 0 | 1 | |a Pfeiffer Ilona |
| 700 | 0 | 1 | |a Markó Bálint |e aut |
| 856 | 4 | 0 | |u https://eta.bibl.u-szeged.hu/2656/1/filogenetika1.pdf |z Dokumentum-elérés |